Normal view
MARC view
Entry Nombre de reunión
001 - NÚMERO DE CONTROL
- campo de control: 11274
003 - IDENTIFICADOR DEL NÚMERO DE CONTROL
- campo de control: OSt
005 - FECHA Y HORA DE LA ÚLTIMA TRANSACCIÓN
- campo de control: 20200615032325.0
008 - DATOS DE LONGITUD FIJA
- campo de control de longitud fija: 200615|| aca||aabn | a|a d
040 ## - FUENTE DE LA CATALOGACIÓN
- Centro catalogador/agencia de origen: OSt
- Centro/agencia transcriptor: OSt
111 ## - ENCABEZAMIENTO--NOMBRE DE CONGRESO/REUNIÓN
- Nombre de congreso/reunión o jurisdicción como elemento de entrada: Congreso Internacional de Historia del Derecho Indiano
- Número del congreso/reunión o número de parte o sección: (12 :
- Fecha del congreso/reunión: 1998 :
- Sede del congreso/Lugar de la reunión: Toledo, ESpaña)
670 ## - FUENTE DE DATOS ENCONTRADOS
- Cita de la fuente: Work cat.: (OSt)3505: Congreso Internacional de Historia del Derecho Indiano (12 : 1998 : Toledo, ESpaña), Derecho y administración pública en las indias hispánicas :, 2002.
